00410nam a2200181Ia 4500008004000000020001800040041000800058082001700066100002200083245002900105260003900134300000800173440000600181650000700187650001100194650001200205650001100217210210b1995 xxu||||| |||| 00| 0 eng d a81 250 0302 9 aeng a581.634 ARYI aARYA VAIDYA SALA. aIndian medical plants V5 aMadrasbOrient Longman Ltd.,c1995 a423 a5 aV5 aplants amedical aIndian